00775nam a2200229Ia 4500003000900000008004100009020001800050040001600068080002300084100002400107245006500131260004800196300001300244490002600257650004100283650003000324650002000354650002100374942000700395999001500402952012800417IN-BaIIA211028s9999 xx 000 0 eng d a0-521-35062-X cIIA Library a082.2:52bIAU-C101 aRoger, R. S.915853 0aSupernova remnants and the interstellar mediumc R. S. Roger aCambridgebCambridge University Pressc1988 ax, 540p. aIAU Colloquium no.101 aAstronomy and Astrophysics thesaurus aInterstellar matter91189 aRemnants915854 aSupernova915816 cBK c9419d9419 00104070aBANbBANcGENd0000-00-00g1124.00l0o082.2:52/ IAU-C101p10329r2021-11-05v1124.00w0000-00-00yBKGRs. 1124